| 000 | 01695nam a22000977a 4500 | ||
|---|---|---|---|
| 008 | 160603b xxu||||| |||| 00| 0 eng d | ||
| 100 | _aMichel | ||
| 245 | _aMichel Bildpostkarten-Katalog Deutschland 1985 | ||
| 260 |
_aMunich, Germany _bSchwaneberger Verlag _c1985 |
||
| 650 | _a Germany | Germany -- Bavaria (1849-1920) | German States | Third Reich | 1933-1945 | World War II, 1939-1945 | Post World War II | Allied Occupation | Germany, West (1949-1990) | Germany, East (1949-1990) | Germany -- West Berlin (1948-1990) | Heligoland (1867-1890) | Danzig (1920-1939) | Germany -- Occupation of Austria | Germany -- Occupation of Czechoslovakia | Czechoslovakia -- Sudetenland | Czechoslovakia -- Karlsbad | Czechoslovakia -- Rumburg | Germany -- Occupation of Bohemia and Moravia | Germany -- Occupation of Alsace and Lorraine | Germany -- Occupation of Lorraine (1940-1941) | Germany -- Occupation of Alsace (1940) | Germany -- Occupation of Luxembourg | Germany -- Occupation of Estonia | Germany -- Occupation of Latvia (1941-1944) | Germany -- Occupation of Lithuania (1941) | Germany -- Occupation of Russia | Russia -- White Russia | Germany -- Occupation of Ukraine (1941-1943) | Postal Stationery | Cards | Post Cards | Printed to Private Order Postal Stationery | Special Issues | Anniversaries, Celebrations, etc. | Souvenir Cards | Exhibitions | Seals, Labels, and Souvenirs | Occupation Issues | Plebiscite Issues | Provisionals and Forerunners | Overprints and Surcharges | Designs | Essays and Proofs | Production | Postal Markings | Covers | Postal History | Topical Collecting | Catalogs and Price Lists | Names, Geographical | Post Offices | Post Office Sorting Codes | Deutschen Post AG | ||
| 999 |
_c2037 _d2037 |
||